000 00825nam a2200265 i 4500
001 000044146
003 DO-SdBNP
005 20231221103948.0
007 ta
008 140602s1978 dr 000 0 spa d
040 _aDO-SdBNP
_bspa
_cBNPHU
_erda
082 _222
_bR696
100 1 _aRodríguez, Héctor Manuel
_eautor
_936592
245 1 0 _aEvaluación en el aula /
_cHéctor Manuel Rodríguez,.
264 _aSanto Domingo :
_bInstituto de Estudios Superiores,
_c1978.
300 _a92 paginas ;
_c22 cm.
336 _2rdacontent
_atexto
_btxt
337 _2rdamedia
_asin mediación
_bn
338 _2rdacarrier
_avolumen
_bnc
490 1 _aMetodología de la enseñanza superior
590 _aInventariado, 2023 / DG
830 0 _aMetodología de la enseñanza superior
_972159
910 _aDG
942 _2ddc
_cLBS1
999 _c43635
_d43635